| 000 | 00671nam a2200229 a 4500 | ||
|---|---|---|---|
| 001 | 638 | ||
| 003 | BR-CuiBMT | ||
| 005 | 20231111221429.0 | ||
| 008 | 231111s2014 dtb 000 0 por d | ||
| 020 | _a9788588652729 | ||
| 040 |
_aBR-CuiBMT _cBR-CuiBMT |
||
| 080 |
_22007 _a342.919 |
||
| 090 |
_a342.919 _bC515r |
||
| 100 | 1 | _aCheker, Monique | |
| 245 | 1 | 0 |
_aReflexões sobre a causa de pedir no direito processual brasileiro / _cMonique Cheker. |
| 260 |
_aBrasĂlia : _bESMPU, _c2014. |
||
| 300 |
_a119 p. ; _c23 cm |
||
| 504 | _aInclui bibliografia. | ||
| 650 |
_aDireito processual civil _zBrasil |
||
| 650 |
_aDireito processual penal _zBrasil |
||
| 942 |
_2udc _cLV |
||
| 999 |
_c638 _d638 |
||